ZDZiT Olsztyn - tramwaj 1 - Statystyki

Ogólne statystyki
  • Ten quiz został rozwiązany 108 razy
  • Średni wynik to 11 z 13
Statystyki odpowiedzi
Odpowiedź % Poprawnych
Kanta
96%
Wysoka Brama
94%
Centrum
92%
Galeria Warmińska
92%
Auchan
88%
Skwer Wakara
85%
Szpital Wojewódzki
85%
Dywizjonu 303
83%
Andersa
78%
Witosa
76%
Płoskiego
69%
Pstrowskiego Sikorskiego
69%
Sikorskiego Wilczyńskiego
68%
Nie znaleziono quizów pasujących do podanych kryteriów
Rozkład punktacji
Procent ludzi z każdym wynikiem
Percentyl według liczby udzielonych odpowiedzi
Twoja historia wyników
Nie rozwiązałeś tego quizu